000 00576nam a22001577a 4500
999 _c507882
_d507882
005 20190227164558.0
008 180809b ||||| |||| 00| 0 eng d
040 _c
082 _aT2068x5461 D378/1983-84
100 _aIndia. Bureau of Economics and Statistics
_9232
245 _aReport on annual survey of industries, 1984-85 factory sector
_bby Bureau of Economics and and Statistics
260 _aDelhi
_bBureau of Economics and Statistics
_c1990
300 _a111p.
500 _aLibrary has 1981-82, 1982-83, 1983-84, 1984-85, 1988-89 and 1989-90
942 _2ddc
_cGG